000 01586nam a2200253Ia 4500
999 _c47242
_d47242
001 14102
003 GE_BSU
005 20241108173017.0
008 181216s2012||||ge |||||||||||||| ||geo||
020 _a9789941175084
040 _cGE_BSU
041 _ageo
080 _a327(042.4) მ-27
100 _aმანველიძე, ირაკლი
_92014
245 _aსაერთაშორისო ურთიერთობების საფუძვლები :
_bლექციების კონსპექტური კურსი /
_cირაკლი მანველიძე ; რედ. : ირაკლი გორგილაძე.
260 _a.
264 _aთბილისი :
_bუნივერსალი,
_c2012.
300 _a419 გვ. ;
_c20 სმ.
653 _aსაერთაშორისო ურთიერთობების საფუძვლები
653 _aლექციების კონსპექტური კურსი
700 _aგორგილაძე, ირაკლი
_eრედაქტორი
_913494
710 _aბათუმის შოთა რუსთაველის სახელობის უნივერსიტეტი
_bსოციალურ მეცნიერებათა ბიზნესისა და სამართალმცოდნეობის ფაკულტეტი
_eსოციალურ მეცნირებათა დეპარტამენტი
_923660
942 _cBK
_2udc